00773nam a2200217 a 450000100100000000500170001000800410002704000250006808200160009310000270010924500600013625000110019626000330020730000210024050000340026150400740029553400400036904900090040995201200041899900170053800002338020200930022158.0101206s1966 ck r 001 0 spa d aDO-SdBNPbspacBNPHU axxxxbP618c1 aPierini, Franco94816010aCatecismo del Concilio Vaticano IIo. /cFranco Pierini. a2a ed. aBogotá :bPaulinas,c1966. a401 p. ;c17 cm. aIncluye índice de materias. aIncluye referencias bibliográficas y notas al pie de las páginas. aCatechismo del Concilio Vaticano II aBNGR 001054708MOaGRbGRcCTd2010-12-06iLF1l0oxxxx P618cp23380-10r2020-06-25w2020-06-25y4ZPréstamo en sala c22877d22877